000 00771cab a2200229 4500
001 WB3317-15
008 090401t1997 xxu||||| |||| 00| 0 eng d
035 _a(Sirsi) u78150
041 _aeng
245 _aRapid action from new government
260 _c1997
350 _a0
490 _aRICS Press Release
_v(pr43.corp) 2 May 1997 (2)
520 _aGreen papers on regional policy, the Private Finance Initiative and the funding of town centre management should be among the first priorities of the new Labour government according to the RICS President.
650 _aLABOUR GOVERNMENT
650 _aPRIVATE FINANCE INITIATIVE
650 _aRICS
650 _aTOWN CENTRE MANAGEMENT
690 _aECONOMIC AND SOCIAL
942 _n0
948 _c02/05/1997
999 _c49173
_d49173